Responses for Show #1577 - Tuesday, June 11, 1991

Game entered from audiorecording. Missing prizes.

Contestants

[<< previous game]

Edward Lobb, a teacher originally from Toronto, Ontario

Kim Gaffney, a claims adjuster from Philadelphia, Pennsylvania

Mark Strauch, a molecular biologist originally from South Bend, Indiana (whose 1-day cash winnings total $7,601)

[next game >>]

Jeopardy! Round responses

WORLD FACTS
MUSIC
ODDS & ENDS
U.S. COINS
1940s TV
"HEART"Y PHRASES
    $100 8
Mount Everest

Mark
    $100 3
Duke Ellington

Edward
    $100 16
surfing

Mark
    $100 1
In God We Trust

Mark
    $100 19
a cooking show

Mark
    $100 26
(Mark: Who is [*]ed?)
(Alex: Lionheart, yes.)

Richard the Lionheart

Mark
    $200 9
the Soviet Union

Mark
    $200 4
an organ

Mark
    $200 17
The Maltese Falcon

Edward
    $200 2
FDR

Edward
    $200 20
(Mark: Who is Captain America?)

Captain Video

Mark
Triple Stumper
    $200 27
a heart to heart

Kim
    $300 10
Haiti

Edward
    $300 5
the treble clef

Mark
    $300 18
Disabled American Veterans

Mark
    $300 13
(Mark: Um... who is Mrs. Paul Revere?)
(Kim: Who was Betsy Ross?)

Martha Washington

MarkKim
Triple Stumper
    $300 21
Candid Microphone

Edward
    $300 28
the way to a man's heart

Mark
    $400 11
Mexico

Triple Stumper
    $400 6
gold

Edward
    $400 24
the median

Mark
    $600 14
1975

Mark
    $400 22
Boris Karloff

Mark
    $400 29
(Edward: What is Straight from the Heart?)

The Heartbreak Kid

MarkEdward
    $500 12
the Indian Ocean

Mark
    $500 7
Paganini

Mark
    $500 25
Anne Tyler

Kim
    $500 15
Philadelphia

Edward
    $500 23
[Mark did not include the leading article in his response.]
(Alex: We have a minute to go in the round.)

The Life of Riley

Mark
    $500 30
the pure of heart

Kim

Scores at the first commercial break (after clue 14):

Mark Kim Edward
$2,200 -$300 $1,000

Scores at the end of the Jeopardy! Round:

Mark Kim Edward
$4,600 $900 $1,600

Double Jeopardy! Round responses

EARLY AMERICA
ANTHROPOLOGY
POETS
MAMMALS
MYTHS & LEGENDS
BILLIONAIRES
    $200 4
the Boston Tea Party

Mark
    $200 5
Cape Cod

Edward
    $200 1
New Jersey

Edward
    $200 16
porcupine

Mark
    $200 21
Atlas

Edward
    $200 26
Walmart

Mark
    $400 8
Madison

Kim
    $400 12
Homo sapiens

Mark
    $400 2
Spenser

Kim
    $400 17
the opossum

Edward
    $400 22
Romulus

Mark
    $400 27
Fiat

Edward
    $600 9
Marshall

Kim
    $600 13
dolphins

Edward
    $600 3
Anne

Mark
    $600 18
an armadillo

Kim
    $1,000 23
Aphrodite (Venus)

Mark
    $3,600 28
(Edward: What is Great Britain?)
...
[The end-of-round signal sounds.]

Germany

Edward
    $800 10
(Kim: What is the Revolution?)

the French & Indian War

MarkKim
    $800 14
Crete

Mark
    $800 6
(Mark: Who is Antigone?)

Medea

MarkEdward
    $800 19
(Edward: What is a Guernsey?)

a Holstein

KimEdward
    $800 24
(Mark: What is 6?)
(Kim: What is 12?)
...
(Alex: With less than a minute to go in the round.)

100

MarkKim
Triple Stumper
    $1000 11
South Carolina

Mark
    $1000 15
(Mark: What is Homo Sapiens Neanderthalis?)
(Edward: What is Homo erectus?)

Cro-Magnon

MarkEdward
Triple Stumper
    $1000 7
(Kim: Who was Wordsworth?)

(Samuel Taylor) Coleridge

KimEdward
    $1000 20
rabbits

Triple Stumper
    $1000 25
(Kim: Who is Kilauea?)

Pele

Kim
Triple Stumper

Scores at the end of the Double Jeopardy! Round:

Mark Kim Edward
$7,600 $100 $0
(lock game)

[wagering suggestions for these scores]

Final Jeopardy! Round responses

TRAVEL EUROPE
KimWhat is Tivoli?
$100
MarkWhat is Tivoli Gardens?
$2,400
Tivoli Gardens

Final scores:

Mark Kim Edward
$10,000 $200 $0
2-day champion: $17,601 2nd place 3rd place

Game dynamics:

Coryat scores:

Mark Kim Edward
$7,000 $100 $3,600
27 R
(including 2 DDs),
5 W
8 R,
5 W
15 R,
4 W
(including 1 DD)

Combined Coryat: $10,700

[game clues] [game scores] [suggest correction]

Game tape date: 1991-03-12
The J! Archive is created by fans, for fans. Scraping, republication, monetization, and malicious use prohibited; this site may use cookies and collect identifying information. See terms. The Jeopardy! game show and all elements thereof, including but not limited to copyright and trademark thereto, are the property of Jeopardy Productions, Inc. and are protected under law. This website is not affiliated with, sponsored by, or operated by Jeopardy Productions, Inc. Join the discussion at JBoard.tv.